Statystyki dla Stolice Europy bez samogłosek

Kliknij tutaj aby rozwiązać quiz!

Ogólne statystyki

  • Ten quiz został rozwiązany 88 razy
  • Średni wynik to 22 z 25

Statystyki odpowiedzi

StoliceOdpowiedzi% Poprawnych
BrlinBerlin
100%
SztkhlmSztokholm
100%
WlnWilno
100%
BdpsztBudapeszt
99%
KjwKijów
99%
MńskMińsk
99%
MskwMoskwa
99%
WrszwWarszawa
99%
WdńWiedeń
99%
KpnhgKopenhaga
98%
MdrtMadryt
98%
BrtsłwBratysława
96%
RzmRzym
96%
BkrsztBukareszt
95%
HlsnkHelsinki
95%
PrgPraga
95%
PrżParyż
93%
SrjwSarajewo
90%
PdgrcPodgorica
82%
SkpjSkopje
82%
KsznwKiszyniów
80%
SfSofia
80%
TrnTirana
65%
slOslo
59%
tnAteny
48%

Rozkład punktacji

Percentyl według liczby udzielonych odpowiedzi

Procent ludzi z każdym wynikiem

Twoja historia wyników

Nie rozwiązałeś tego quizu